Riconosci il Pokémon - Quiz n°894 - Statistics

Statistiche generali
  • Questo quiz è stato fatto 0 volte
  • Il punteggio medio è 0 su 10
Statistiche sulle risposte
Indizio Risposta % Corretto
Altezza 1,1 m
0%
Tasso di cattura 120 (24.9%)
0%
Sesso 50% ♂, 50% ♀
0%
Peso 78,0 kg
0%
Pokémon Carkol
0%
Tasso di allevamento Medio-Lento
0%
Generazione Ottava
0%
Stadio evoluzione Prima evoluzione
0%
Tipo Roccia / Fuoco
0%
Abilità Vapormacchina; Corpodifuoco; Fuocardore
0%
Nessun quiz corrispondente trovato
Distribuzione punteggi
Percentuale di utenti per punteggio
Percentile per numero di risposta
I tuoi punteggi nel tempo
Non hai fatto questo quiz